000 00228 a2200097 4500
001 36688
100 _aSOE Christian
245 _aComparative politics 88/89
260 _aVirginia
_bDushkin pub group
_c
090 _c23734
_d23734
942 _aNUST-CAE
_cM
_c15263
999 _c271761
_d271761